000 00478nam a2200145 a 4500
008 120416s9999 ||||||||||||||||| || u
050 _aNA 9030 Goo
100 _aGoodman, Percival
245 1 0 _aCommunities
246 _ameans of livelihood and ways of life
250 _a[2nd ed.]
260 _a[1960]
350 _a0.00
995 _D0.00
_FCBU-MAIN LIBRARY (Kitwe)
_H1
_I0.00
_UAVAILABLE
_ZAnnex Low-Usage Collection
999 _c37941
_d37941